| 000 | 01519nam a22003497a 4500 | ||
|---|---|---|---|
| 999 |
_c29528 _d29499 |
||
| 003 | EG-ScBUE | ||
| 005 | 20211003101308.0 | ||
| 008 | 210928s2009 ua o f b 000 0 ara d | ||
| 017 | _a4636/2009 | ||
| 020 | _a9789774521362 | ||
| 040 |
_aEG-ScBUE _bara _erda _cEG-ScBUE _dEG-ScBUE |
||
| 043 | _af-ua--- | ||
| 082 | 0 | 4 |
_a378.62 _bخ و ر _222 |
| 100 | 1 |
_aخورشيد، معتز، _eمعد. _eمحرر. |
|
| 245 | 1 | 0 |
_aحوكمة الجامعات وتعزيز قدرات منظومة التعليم العالي والبحث العلمي في مصر / _cإعداد وتحرير معتز خورشيد، محسن يوسف ؛ تقديم إسماعيل سراج الدين. |
| 264 | 1 |
_aالإسكندرية : _bمكتبة الإسكندرية، _c2009. |
|
| 300 |
_a161 صفحة : _bصور ؛ _c24 سم |
||
| 336 |
_2rdacontent _aنص _btxt |
||
| 337 |
_2rdamedia _aبدون وسيط _bn |
||
| 338 |
_2rdacarrier _aمجلد _bnc |
||
| 504 | _aيشتمل على إرجاعات ببليوجرافية. | ||
| 541 |
_cDonation ; _aAlex. B. |
||
| 650 | 7 |
_aالتعليم الجامعي _zمصر. _2BUEsh |
|
| 650 | 7 |
_aالبحث _zمصر. _2BUEsh |
|
| 650 | 7 |
_aالتعليم والدولة _zمصر. _2BUEsh |
|
| 650 | 7 |
_aالتعليم _xتمويل _zمصر. _2BUEsh |
|
| 653 | 7 |
_aBUEsh _bGGEN _cSeptember2021 |
|
| 655 | 7 |
_2BUEsh _vReading book _934232 |
|
| 700 | 1 |
_aسراج الدين، إسماعيل، _d1944- _eمقدم. |
|
| 700 | 1 |
_aيوسف، محسن، _eمعد. _eمحرر. |
|
| 942 | _2ddc | ||